<?xml version="1.0" encoding="UTF-8"?>
<collection xmlns="http://www.loc.gov/MARC21/slim">
 <record>
  <leader>00266nab a2200097 c 4500</leader>
  <controlfield tag="001">bibDOK00017621</controlfield>
  <controlfield tag="005">20200924121200.8</controlfield>
  <controlfield tag="008">060518s1994    hu                  hun  </controlfield>
  <datafield tag="100" ind1="1" ind2=" ">
   <subfield code="a">Fejtő Ferenc</subfield>
  </datafield>
  <datafield tag="245" ind1="1" ind2="0">
   <subfield code="a">Raymond Aron jelenléte</subfield>
   <subfield code="c">Fejtő Ferenc</subfield>
  </datafield>
  <datafield tag="773" ind1="0" ind2=" ">
   <subfield code="t">A Hét: 1994, 22.sz</subfield>
   <subfield code="g">13 p. p.</subfield>
  </datafield>
 </record>
</collection>
